[Event "AUTO-MASTER-1626"]
[Site "http://www.queenalice.com/game.php?id=1047851"]
[Date "2012.4.11"]
[Round "1"]
[White "ted6"]
[Black "rubenov"]
[Result "1-0"]
[WhiteElo "1906"]
[BlackElo "1980"]

1. e4 b6 2. d4 Bb7 3. Bd3 e6 4. Nf3 a5 5. Bf4 Ne7 6. O-O Ng6 7. Bg5 Be7 8. Bxe7
Qxe7 9. Re1 Nf4 10. d5 e5 11. c4 Nxd3 12. Qxd3 d6 13. Nc3 Nd7 14. b3 Nc5 15. Qd2
O-O 16. h3 h6 17. Qe3 f5 18. exf5 Rxf5 19. Ne2 Raf8 20. Ng3 R5f7 21. Rac1 Bc8
22. Kh2 Bf5 23. Nxf5 Qd8 24. Ng3 Qf6 25. Rc3 g5 26. Nh5 Qg6 27. g4 Rxf3 28. Qxf3
Rxf3 29. Rxf3 Qc2 30. Nf6+ Kf7 31. Ne4+ Ke7 32. Nxc5 bxc5 33. a4 Qg6 34. Rf5 h5
35. f3 h4 36. Kg2 Kd7 37. Kf2 c6 38. Rd1 cxd5 39. Rxd5 Qg7 40. Rfxe5 1-0

[Event "AUTO-MASTER-1626"]
[Site "http://www.queenalice.com/game.php?id=1047852"]
[Date "2012.4.11"]
[Round "1"]
[White "rubenov"]
[Black "ted6"]
[Result "1-0"]
[WhiteElo "1990"]
[BlackElo "1931"]

1. d4 Nf6 2. c4 e6 3. a3 d5 4. c5 Nc6 5. e3 Be7 6. Nf3 O-O 7. Bd3 b6 8. cxb6
cxb6 9. O-O Bb7 10. Nc3 Rc8 11. h3 Na5 12. Ng5 Ne4 13. Ngxe4 dxe4 14. Nxe4 Qd5
15. f3 Nc4 16. Nc3 Qd7 17. Qb3 Ne5 18. Bxh7+ Kxh7 19. dxe5 Rh8 20. Nb5 a6 21.
Nd4 b5 22. Qd3+ g6 23. b4 Kg7 24. Bb2 Qd5 25. Rab1 Rh4 26. Rf2 Rch8 27. Rc1 Rc8
28. Rfc2 Rhh8 29. e4 Qd7 30. Nf5+ 1-0

[Event "Challenge"]
[Site "http://www.queenalice.com/game.php?id=1066472"]
[Date "2012.5.31"]
[Round "-"]
[White "odone"]
[Black "ted6"]
[Result "0-1"]
[WhiteElo "2006"]
[BlackElo "1913"]

1. d4 Nf6 2. c4 g6 3. Nc3 d5 4. Nf3 Bg7 5. e3 O-O 6. Be2 c5 7. O-O cxd4 8. Nxd4
b6 9. Bf3 Bb7 10. Re1 e6 11. h3 Na6 12. a3 Nc7 13. b3 Rc8 14. Bb2 Ba8 15. Rc1
dxc4 16. Bxa8 Rxa8 17. bxc4 Rc8 18. Nc6 Qxd1 19. Rcxd1 Ra8 20. Nb5 Nxb5 21. cxb5
Ne4 22. Bxg7 Kxg7 23. Rd7 a6 24. a4 axb5 25. axb5 Nc5 26. Ra7 Rac8 27. Rd1 h6
28. f3 g5 29. Kf2 Kf6 30. Kg3 Ra8 31. Rb7 Nxb7 32. f4 gxf4+ 33. exf4 Rg8+ 34.
Kf3 Ra3+ 35. Kf2 Ra2+ 36. Kf3 Rgxg2 37. Rd7 Nc5 38. Rd4 Rgb2 39. Nb4 Ra4 40. Nc6
Rxd4 41. Nxd4 Nb7 42. Ke4 Nd6+ 43. Kd3 Nxb5 44. Nxb5 Rxb5 0-1

[Event "AUTO-MASTER-1749"]
[Site "http://www.queenalice.com/game.php?id=1111570"]
[Date "2012.10.12"]
[Round "1"]
[White "ted6"]
[Black "rockyroad"]
[Result "0-1"]
[WhiteElo "1877"]
[BlackElo "2309"]

1. d4 d5 2. c4 dxc4 3. Nf3 Nf6 4. e3 Bg4 5. Nc3 e6 6. Bxc4 Nbd7 7. h3 Bh5 8. O-O
Bd6 9. e4 e5 10. Bg5 Bxf3 11. gxf3 h6 0-1

[Event "AUTO-MASTER-1749"]
[Site "http://www.queenalice.com/game.php?id=1111571"]
[Date "2012.10.12"]
[Round "1"]
[White "rockyroad"]
[Black "ted6"]
[Result "1-0"]
[WhiteElo "2308"]
[BlackElo "1904"]

1. e4 e6 2. d4 d5 3. Nc3 Nf6 4. Bg5 Be7 5. e5 Nfd7 6. Bxe7 Qxe7 7. f4 c5 8. Nb5
Nb6 9. Nd6+ Kf8 10. dxc5 Nc4 11. Bxc4 1-0

[Event "AUTO-MASTER-1749"]
[Site "http://www.queenalice.com/game.php?id=1111572"]
[Date "2012.10.12"]
[Round "1"]
[White "ted6"]
[Black "FabioSelinger"]
[Result "0-1"]
[WhiteElo "1918"]
[BlackElo "1978"]

1. d4 d5 2. c4 c6 3. Nf3 e6 4. e3 Nf6 5. Nc3 Nbd7 6. Bd3 dxc4 7. Bxc4 Bd6 8. O-O
b5 9. Bb3 a6 10. a3 O-O 11. Bc2 Bb7 12. e4 e5 0-1

[Event "AUTO-MASTER-1749"]
[Site "http://www.queenalice.com/game.php?id=1111573"]
[Date "2012.10.12"]
[Round "1"]
[White "FabioSelinger"]
[Black "ted6"]
[Result "1-0"]
[WhiteElo "1963"]
[BlackElo "1933"]

1. e4 e6 2. d3 d5 3. Nd2 Nf6 4. g3 dxe4 5. dxe4 e5 6. Bg2 Be7 7. Ngf3 Nc6 8. O-O
O-O 9. c3 Bg4 10. Qc2 Be6 11. Nc4 Bxc4 12. Rd1 Qc8 13. b3 Be6 14. Bb2 1-0

[Event "AUTO-MASTER-1749"]
[Site "http://www.queenalice.com/game.php?id=1111574"]
[Date "2012.10.12"]
[Round "1"]
[White "ted6"]
[Black "Clayton"]
[Result "0-1"]
[WhiteElo "1889"]
[BlackElo "1996"]

1. d4 d5 2. c4 dxc4 3. Nf3 Nf6 4. e3 Bg4 5. Bxc4 e6 6. h3 Bh5 7. Nc3 Bb4 8. a3
Ba5 9. b4 Bb6 10. O-O O-O 11. Bb2 c6 12. Be2 Qd6 0-1

[Event "AUTO-MASTER-1749"]
[Site "http://www.queenalice.com/game.php?id=1111575"]
[Date "2012.10.12"]
[Round "1"]
[White "Clayton"]
[Black "ted6"]
[Result "1-0"]
[WhiteElo "1983"]
[BlackElo "1902"]

1. e4 e6 2. d4 d5 3. e5 c5 4. c3 Nc6 5. Nf3 Qb6 6. b3 cxd4 7. cxd4 Nge7 8. Nc3
Nf5 9. Bb5 Bd7 10. Bxc6 Bxc6 11. Ng5 h6 12. Nf3 Bb4 13. Bb2 1-0

[Event "Let's Play Chess!"]
[Site "http://www.queenalice.com/game.php?id=1172352"]
[Date "2013.4.17"]
[Round "-"]
[White "ted6"]
[Black "Eggchaser"]
[Result "0-1"]
[WhiteElo "1889"]
[BlackElo "1883"]

1. d4 Nf6 2. c4 c5 3. d5 b5 4. b3 d6 5. Bb2 Nbd7 6. Nf3 g6 7. e3 Bg7 8. Bd3 O-O
9. O-O bxc4 10. bxc4 Ba6 11. Nbd2 Nxd5 12. Bxg7 Kxg7 13. Qa4 Qc8 14. cxd5 Bxd3
15. Rfe1 Nb6 16. Qh4 Nxd5 17. e4 Nf6 18. e5 dxe5 19. Nxe5 Bf5 20. Ndf3 Rb8 21.
g4 Bxg4 22. Nxg4 Qxg4+ 23. Qxg4 Nxg4 24. Rxe7 Rb2 25. Kg2 Nxf2 26. Rxa7 Ne4+ 0-1

[Event "Let's Play Chess!"]
[Site "http://www.queenalice.com/game.php?id=1172353"]
[Date "2013.4.17"]
[Round "-"]
[White "Eggchaser"]
[Black "ted6"]
[Result "0-1"]
[WhiteElo "1835"]
[BlackElo "1875"]

1. Nf3 d5 2. c4 Nf6 3. cxd5 Nxd5 4. d4 e6 5. a3 b6 6. e4 Nf6 7. Nc3 Bb7 8. Bd3
Be7 9. O-O O-O 10. h3 h6 11. Be3 Nbd7 12. Qd2 Nh7 13. Rac1 Ng5 14. Nxg5 hxg5 15.
Rfd1 g6 16. f3 f6 17. Kf2 Kg7 18. g4 Rh8 19. Rh1 c6 20. Ke2 Rc8 21. e5 f5 22.
gxf5 gxf5 23. f4 Rh5 24. Rcg1 c5 25. Rh2 g4 0-1

[Event "AUTO-ADV-2846"]
[Site "http://www.queenalice.com/game.php?id=1180516"]
[Date "2013.5.11"]
[Round "1"]
[White "ted6"]
[Black "Nephi_R"]
[Result "0-1"]
[WhiteElo "1873"]
[BlackElo "1867"]

1. e4 d5 2. exd5 Qxd5 3. Nc3 Qd6 4. d4 Nf6 5. Nf3 a6 6. g3 Nc6 7. Bg2 Bg4 8. O-O
O-O-O 9. Bf4 Qb4 10. Qc1 Bxf3 11. Bxf3 Nxd4 12. Bg2 Qxc3 13. Kh1 Qc5 14. Be3
Qxc2 15. Bxd4 Qxc1 0-1

[Event "AUTO-ADV-2846"]
[Site "http://www.queenalice.com/game.php?id=1180517"]
[Date "2013.5.11"]
[Round "1"]
[White "Nephi_R"]
[Black "ted6"]
[Result "1-0"]
[WhiteElo "1973"]
[BlackElo "1857"]

1. e4 e6 2. d4 d5 3. e5 c5 4. c3 Nc6 5. Nf3 Qb6 6. Bd3 Bd7 7. O-O cxd4 8. cxd4
Rc8 9. Nc3 Nxd4 10. Nxd4 Qxd4 11. Be3 Qxe5 12. Bxa7 Nf6 13. Re1 Qc7 14. Bd4 Be7
15. Bxf6 gxf6 16. Rc1 f5 17. Qh5 Qf4 18. Rcd1 Qg5 19. Qxg5 Bxg5 20. Nxd5 Kf8 21.
Bxf5 exf5 22. Nb6 Rc7 23. Nxd7+ Kg7 24. g3 Rd8 25. Ne5 Rxd1 26. Rxd1 Bf6 27. Nd3
Rc2 28. Rb1 Rd2 29. Nc5 Rxb2 30. Rxb2 Bxb2 31. Nxb7 Kf6 32. Nc5 Ba3 33. Nd3 h5
34. Kf1 Kg5 35. Ne5 f6 36. Nf3+ Kg4 37. Kg2 f4 38. h3+ Kf5 39. Nd2 fxg3 40. fxg3
Kg5 41. Nc4 1-0

[Event "AUTO-ADV-2846"]
[Site "http://www.queenalice.com/game.php?id=1180518"]
[Date "2013.5.11"]
[Round "1"]
[White "ted6"]
[Black "massimo"]
[Result "1-0"]
[WhiteElo "1871"]
[BlackElo "1785"]

1. e4 e5 2. Nf3 d6 3. d4 Nc6 4. dxe5 Bg4 5. exd6 Qxd6 6. Qxd6 Bxd6 7. Bb5 Ne7 8.
Nbd2 a6 9. Be2 O-O 10. O-O f5 11. exf5 Bxf5 12. Ng5 Nd4 13. Bc4+ Kh8 14. Nf7+
Rxf7 15. Bxf7 Nxc2 16. Nb3 Nxa1 17. Nxa1 Rf8 18. Bh5 Bc5 19. Nb3 Bb6 20. Be2 Rf6
21. Bf3 c6 22. Nd2 Re6 23. Nc4 Ba7 24. Bg5 Bd3 25. b3 Bxf1 26. Kxf1 Nd5 27. Bd2
b5 28. Na5 Bb8 29. h3 Bc7 30. Nb7 Nf6 31. Nc5 Rd6 32. Bf4 Rd1+ 33. Bxd1 Bxf4 34.
Nxa6 Nd5 35. Bf3 g5 36. Bxd5 cxd5 37. Nb4 d4 38. Ke2 h5 39. Nc6 b4 40. Nxb4 Kg7
41. Kd3 Bc7 42. Nc6 Kf6 43. Ke4 Bb6 44. f3 h4 45. Nxd4 Bc7 46. b4 Ke7 47. a4 Kd7
48. Kd5 Bd6 49. b5 Bc7 50. Nc6 Kc8 51. a5 Kb7 52. a6+ Ka8 53. Ke6 Bb6 54. Kf5
Be3 55. Kg4 Bf4 56. b6 Bg3 57. b7# 1-0

[Event "AUTO-ADV-2846"]
[Site "http://www.queenalice.com/game.php?id=1180519"]
[Date "2013.5.11"]
[Round "1"]
[White "massimo"]
[Black "ted6"]
[Result "0-1"]
[WhiteElo "1818"]
[BlackElo "1857"]

1. e4 e6 2. d4 d5 3. e5 c5 4. c3 Nc6 5. Bb5 Bd7 6. Nf3 Nxe5 7. Bxd7+ Nxd7 8. O-O
Ngf6 9. Bg5 Be7 10. Ne5 cxd4 11. cxd4 h6 12. Bh4 O-O 13. Nc3 Nxe5 14. dxe5 Nd7
15. Bxe7 Qxe7 16. Qe2 a6 17. a3 Rac8 18. f4 Rc4 19. Rac1 Rfc8 20. Qe3 d4 21. Qe4
Nc5 22. Qe2 Nb3 23. Rcd1 dxc3 24. bxc3 Rxc3 25. f5 exf5 26. Rxf5 Qc5+ 27. Kh1
Nd4 28. Rxd4 Qxd4 29. h3 Re3 30. Qa2 Rxh3+ 31. gxh3 Qd1+ 32. Kg2 Rc2+ 33. Rf2
Rxa2 34. Rxa2 Qd5+ 0-1

[Event "AUTO-ADV-2846"]
[Site "http://www.queenalice.com/game.php?id=1180520"]
[Date "2013.5.11"]
[Round "1"]
[White "ted6"]
[Black "professoralesson"]
[Result "0-1"]
[WhiteElo "1884"]
[BlackElo "1611"]

1. e4 e5 2. Nf3 d6 3. d4 exd4 4. Nxd4 c5 5. Nf3 Qa5+ 6. Bd2 Qb6 7. Nc3 Nf6 8. b3
Be7 9. Be2 Nc6 10. O-O h6 11. Re1 O-O 12. Nd5 Qd8 13. Bd3 Nb4 14. Nxb4 cxb4 15.
Bxb4 b6 16. Qd2 a5 17. Ba3 Ba6 18. Rac1 Bxd3 19. cxd3 d5 20. Bxe7 Qxe7 21. exd5
Qd6 22. Rc6 Qxd5 23. Rxb6 a4 24. b4 Nd7 25. Rxh6 gxh6 26. Qxh6 Qxd3 27. h3 Qg6
28. Qd2 Rad8 29. Qb2 Nb6 30. Re5 Nc4 31. Qe2 Nxe5 0-1

[Event "AUTO-ADV-2846"]
[Site "http://www.queenalice.com/game.php?id=1180521"]
[Date "2013.5.11"]
[Round "1"]
[White "professoralesson"]
[Black "ted6"]
[Result "0-1"]
[WhiteElo "1632"]
[BlackElo "1827"]

1. e4 e6 2. Bb5 a6 3. Ba4 b5 4. Bb3 Nc6 5. Qf3 Nd4 6. Qd3 Nxb3 7. Qxb3 Bb7 8. d3
d6 9. Nf3 Nf6 10. c4 c6 11. h3 Be7 12. O-O O-O 13. cxb5 axb5 14. Bg5 e5 15. Nc3
Qd7 16. a4 Ba6 17. axb5 Bxb5 18. Rxa8 Rxa8 19. Nxb5 cxb5 20. Bxf6 Bxf6 21. Qd5
Rb8 22. Nd2 h6 23. b4 Rc8 24. Nb3 Be7 25. d4 exd4 26. Nxd4 Rc4 27. Qxb5 Qxb5 28.
Nxb5 Rxb4 29. Nc3 Bf6 30. Nd5 Rxe4 31. Nxf6+ gxf6 32. Rd1 Re6 33. g4 Kg7 34. Kg2
Kg6 35. Kg3 f5 36. gxf5+ Kxf5 37. f3 Rg6+ 38. Kf2 Re6 39. Kg3 Rg6+ 40. Kh4 Ke5
41. Rf1 Kf4 42. Kh5 d5 43. Rd1 Rd6 44. Rd3 Kg3 45. h4 Kf2 46. f4 Ke2 47. Ra3 d4
48. f5 d3 49. Kg4 d2 50. Kf4 d1=Q 51. Re3+ Kf2 52. Rh3 Qd4# 0-1

[Event "Challenge"]
[Site "http://www.queenalice.com/game.php?id=1187186"]
[Date "2013.6.2"]
[Round "-"]
[White "filomenos"]
[Black "ted6"]
[Result "1-0"]
[WhiteElo "1990"]
[BlackElo "1846"]

1. d4 Nf6 2. g3 e6 3. Bg2 d5 4. Nf3 c5 5. Bg5 c4 6. O-O Be7 7. c3 O-O 8. Nbd2
Nc6 9. b3 b5 10. bxc4 dxc4 11. a4 b4 12. cxb4 Nxb4 13. Nxc4 Nbd5 14. e3 Ne4 15.
Bxe7 Qxe7 16. Nfd2 Nxd2 17. Qxd2 Ba6 18. Rfc1 Rac8 19. Ne5 Rxc1+ 20. Qxc1 Rc8
21. Qb2 f6 22. Nf3 Qd6 23. Nd2 f5 24. Rc1 Re8 25. Nc4 Bxc4 26. Rxc4 Rb8 27. Qc2
Nb6 28. Rc6 Qe7 29. Rc7 1-0

[Event "Challenge"]
[Site "http://www.queenalice.com/game.php?id=1187201"]
[Date "2013.6.2"]
[Round "-"]
[White "ted6"]
[Black "filomenos"]
[Result "0-1"]
[WhiteElo "1836"]
[BlackElo "2000"]

1. Nf3 d5 2. g3 g6 3. Bg2 Bg7 4. d4 Nf6 5. O-O O-O 6. c3 c6 7. e3 Bg4 8. Qc2
Bxf3 9. Bxf3 Nbd7 10. Bg2 e5 11. dxe5 Nxe5 12. Nd2 Qc7 13. Nf3 Nxf3+ 14. Bxf3
Rfe8 15. Re1 Re7 16. e4 dxe4 17. Bxe4 Rae8 18. f3 Nd7 19. Bf4 Qc8 20. Re2 Nc5
21. Rae1 Nxe4 22. Rxe4 Rxe4 23. fxe4 Be5 24. Bxe5 Rxe5 25. Qd2 Qe8 26. Kf2 Rxe4
27. Rxe4 Qxe4 28. Qd8+ Kg7 29. Qd4+ Qxd4+ 30. cxd4 Kf6 31. Ke3 Kf5 32. b3 g5 33.
h3 h5 0-1

[Event "AUTO-ADV-3311"]
[Site "http://www.queenalice.com/game.php?id=1327983"]
[Date "2014.12.13"]
[Round "1"]
[White "Dcar"]
[Black "ted6"]
[Result "1-0"]
[WhiteElo "1455"]
[BlackElo "1852"]

1. Nf3 d5 2. d4 g6 3. g3 Bg7 4. Bg2 Nf6 5. O-O O-O 6. Nc3 Nbd7 7. Ng5 c6 8. Na4
Re8 9. Nc5 Nxc5 10. dxc5 h6 11. Nf3 e5 12. c3 Qc7 13. b4 e4 14. Nd4 Bd7 15. Bf4
Qc8 16. Qb3 Bh3 17. Rab1 Bxg2 18. Kxg2 Ng4 19. Nc2 1-0

[Event "AUTO-ADV-3311"]
[Site "http://www.queenalice.com/game.php?id=1327984"]
[Date "2014.12.13"]
[Round "1"]
[White "ted6"]
[Black "Dcar"]
[Result "0-1"]
[WhiteElo "1822"]
[BlackElo "1485"]

1. d4 d5 2. c4 Nf6 3. Nc3 g6 4. e3 Bg7 5. Nf3 O-O 6. Bd3 c6 7. O-O Na6 8. a3
dxc4 9. Bxc4 Nd5 10. Nxd5 cxd5 11. Ba2 Bg4 12. h3 Bc8 13. Bd2 Be6 14. Rc1 Bf5
15. Bb1 Bxb1 16. Rxb1 e6 17. Rc1 Rc8 18. Qe2 Nc7 0-1

[Event "AUTO-ADV-3311"]
[Site "http://www.queenalice.com/game.php?id=1327999"]
[Date "2014.12.13"]
[Round "1"]
[White "rubenov"]
[Black "ted6"]
[Result "1/2-1/2"]
[WhiteElo "2038"]
[BlackElo "1826"]

1. d4 Nf6 2. c4 e6 3. a3 d5 4. c5 c6 5. Nf3 Nbd7 6. Nc3 Be7 7. e3 O-O 8. Bd3 Re8
9. Qc2 Nf8 10. Ne5 Qc7 11. O-O Ng6 12. f4 Nf8 13. b4 a6 14. Na4 N8d7 15. Nxd7
Bxd7 16. Nb6 Rad8 17. a4 Ne4 18. Bxe4 dxe4 19. Qxe4 f5 20. Qf3 Rf8 21. Nxd7 Rxd7
22. Bb2 Bf6 23. Bc3 Qd8 24. a5 Rd5 25. h3 Qe8 26. Kf2 Rd7 27. Kg1 Bh4 28. g3 Bf6
29. h4 Qg6 30. Kh2 Qg4 31. Qxg4 fxg4 32. Rad1 h5 33. e4 Kh7 34. e5 Bd8 35. Rd2
Rf5 1/2-1/2

[Event "AUTO-ADV-3311"]
[Site "http://www.queenalice.com/game.php?id=1328000"]
[Date "2014.12.13"]
[Round "1"]
[White "ted6"]
[Black "rubenov"]
[Result "0-1"]
[WhiteElo "1835"]
[BlackElo "2000"]

1. d4 d5 2. c4 dxc4 3. e3 Nd7 4. Bxc4 Nb6 5. Bb3 e6 6. Bd2 c6 7. Nf3 Nf6 8. O-O
Be7 9. Nc3 O-O 10. Re1 Nfd5 11. Rc1 Bd6 12. e4 Nxc3 13. Bxc3 h6 14. e5 Be7 15.
Bc2 Nd5 16. Bb3 Nxc3 17. bxc3 Ba3 18. Rc2 b5 19. c4 Bb4 20. Rf1 a5 21. cxb5 cxb5
22. Re2 a4 23. Bc2 Bb7 24. Be4 Bxe4 25. Rxe4 Qd5 26. Re2 Bc3 27. Qd3 Rfc8 28.
Rc1 Bb2 29. Rcc2 a3 30. h3 Qxa2 31. Rxc8+ Rxc8 32. Qxb5 Qc4 33. Qxc4 Rxc4 0-1

[Event "AUTO-ADV-3311"]
[Site "http://www.queenalice.com/game.php?id=1328009"]
[Date "2014.12.13"]
[Round "1"]
[White "tango2011"]
[Black "ted6"]
[Result "0-1"]
[WhiteElo "1643"]
[BlackElo "1844"]

1. d4 Nf6 2. e3 e6 3. c4 Bb4+ 4. Bd2 Bxd2+ 5. Nxd2 O-O 6. Ngf3 d5 7. c5 c6 8.
Qb3 Bd7 9. Qxb7 Na6 10. Bxa6 Rb8 11. Qxa7 Qa5 12. O-O Ra8 13. Qb6 Qxb6 14. cxb6
Rxa6 15. Rfc1 Rxb6 16. b3 Rc8 17. Ne5 Be8 18. Rab1 Ra6 19. a4 Nd7 20. Nxc6 Raxc6
21. Rd1 Ra6 22. Rbc1 Rxc1 23. Rxc1 f6 24. Ra1 Nb8 25. f4 Bg6 26. b4 Bd3 27. Nb3
Kf8 28. Nc5 Bc4 29. Rb1 Rc6 30. b5 Rb6 31. Ra1 Ke7 32. Rb1 Kd6 33. Kf2 f5 34. h4
Nc6 35. Ke1 Na5 36. Kd2 Nb7 37. Nxb7+ Rxb7 38. b6 Kc6 39. a5 Ba6 40. Kc3 Rb8 41.
Rb3 Bc8 42. Kb2 Kb7 43. Ka3 Ka6 44. Kb4 Bb7 45. Kc5 Rd8 46. Ra3 Rd7 47. Kb4 Rd6
48. Kc5 Rc6+ 49. Kb4 Rc4+ 50. Kb3 Rc1 51. Kb4 Rc2 52. Rc3 Rxc3 53. Kxc3 Kxa5 54.
Kd2 Kxb6 55. Ke2 Bc6 56. Kf3 Be8 57. g4 Kb5 58. e4 fxe4+ 59. Ke3 Kb4 0-1

[Event "AUTO-ADV-3311"]
[Site "http://www.queenalice.com/game.php?id=1328010"]
[Date "2014.12.13"]
[Round "1"]
[White "ted6"]
[Black "tango2011"]
[Result "1-0"]
[WhiteElo "1834"]
[BlackElo "1683"]

1. d4 d5 2. c4 b6 3. cxd5 Qxd5 4. Nc3 Qd7 5. Nf3 e6 6. e3 Nf6 7. Bd3 Bd6 8. O-O
O-O 9. e4 Bb4 10. a3 Bxc3 11. bxc3 Nc6 12. Qc2 Bb7 13. e5 Nd5 14. Bxh7+ Kh8 15.
Bd3 f5 16. c4 Nf4 17. Bxf4 Nxd4 18. Nxd4 Qxd4 19. g3 g6 20. Qe2 Kg7 21. Rad1 Qc5
22. Bc1 Qc6 23. f3 Qc5+ 24. Qe3 Qa5 25. Bb2 Qc5 26. Qxc5 bxc5 27. Rf2 Rh8 28.
Kg2 Rad8 29. Bc2 g5 30. Rxd8 Rxd8 31. Bc3 Ba6 32. Bb3 Rd3 33. Rc2 Bb7 34. Kg1
Rxf3 35. Ba4 Ba6 36. Bb5 Bb7 37. Bb2 Re3 38. Rd2 Re1+ 39. Kf2 Re4 40. Rd7+ Kg6
41. Rxc7 a6 42. Rxb7 axb5 43. cxb5 Rxe5 44. Bxe5 1-0